Geografía e geografi nel mondo antico: guida storica e critica

Shranjeno v:
Bibliografske podrobnosti
Glavni avtor: Prontera, Francesco (Author)
Format: Knjiga
Jezik:italijanščina
Izdano: Bari Laterza 1983
Serija:Universale Laterza, 638
Teme:
Oznake: Označite
Brez oznak, prvi označite!

MARC

LEADER 00000nam a2200000 a 4500
001 UCP8785
003 CL-VaPUC
008 000310e19830000IT |||||||||||||||||ita|d
082 0 4 |a 913  |b PRO  |2 21 
100 0 |a Prontera, Francesco  |e author  |9 439011 
245 1 0 |a Geografía e geografi nel mondo antico: guida storica e critica 
300 |a 272 p 
942 |c BK 
945 |d 20000310 00:00:00  |a rherrera 
260 |a Bari  |b Laterza  |c 1983 
650 0 |a Geografía antigua  |9 266056 
650 0 |a Geografía histórica   |9 267532 
650 0 |a Etnografía   |9 309735 
650 7 |a GEOGRAFOS  |2 CL-VaPUC  |9 359105 
651 0 |a Grecia  |9 265314 
583 |a last modification  |c 20000310 00:00:00  |k Rodrigo Vera 
490 0 |a Universale Laterza, 638 
999 |c 285671  |d 285669 
952 |0 0  |1 0  |4 0  |6 913_000000000000000_PRO_1983  |7 0  |8 A  |9 330425  |a BIBHIS  |b BIBHIS  |d 2019-11-20  |i 1394460  |o 913 PRO 1983  |p 1394460  |r 2025-01-20  |w 2019-11-20  |y BK  |k HIS